书目信息 |
| 题名: |
数理方程典型应用案例及理论分析
|
|
| 作者: | 尹丽洁 编著 | |
| 分册: | ||
| 出版信息: | 上海 上海科学技术出版社 2020.06 |
|
| 页数: | 160页 | |
| 开本: | 26cm | |
| 丛书名: | 中德机械与能源工程人才培养创新教材 | |
| 单 册: | ||
| 中图分类: | O175.24 | |
| 科图分类: | ||
| 主题词: | 数学物理方程--shu xue wu li fang cheng--高等学校--教材 | |
| 电子资源: | ||
| ISBN: | 978-7-5478-4869-2 | |
| 000 | 01227nam 2200253 450 | |
| 001 | 2065188584 | |
| 005 | 20201105180638.69 | |
| 010 | @a978-7-5478-4869-2@dCNY48.00 | |
| 100 | @a20200803d2020 em y0chiy50 ea | |
| 101 | 0 | @achi |
| 102 | @aCN@b310000 | |
| 105 | @aa a 000yy | |
| 200 | 1 | @a数理方程典型应用案例及理论分析@Ashu li fang cheng dian xing ying yong an li ji li lun fen xi@f尹丽洁编著 |
| 210 | @a上海@c上海科学技术出版社@d2020.06 | |
| 215 | @a160页@c图@d26cm | |
| 225 | 2 | @a中德机械与能源工程人才培养创新教材@Azhong de ji xie yu neng yuan gong cheng ren cai pei yang chuang xin jiao cai |
| 320 | @a有书目 (第160页) | |
| 330 | @a本书共分为4章, 前3章分别介绍热传导方程、波动方程和调和方程等3类典型方程, 第4章介绍一般二阶线性偏微分方程的分类。每个章节遵循工程问题的分析、定解问题的提出、定解问题的求解及分析的思路, 旨在引导学生在学习过程中能够结合本专业的知识, 用数学方程描述工程或者生活中遇见的波动、传热等现象, 并在特定的条件下对方程进行求解和分析。 | |
| 410 | 0 | @12001 @a中德机械与能源工程人才培养创新教材 |
| 606 | 0 | @a数学物理方程@Ashu xue wu li fang cheng@x高等学校@j教材 |
| 690 | @aO175.24@v5 | |
| 701 | 0 | @a尹丽洁@Ayin li jie@4编著 |
| 801 | 0 | @aCN@b人天书店@c20201002 |
| 905 | @aZUCC@dO175.24@eY596 | |
| 数理方程典型应用案例及理论分析/尹丽洁编著.-上海:上海科学技术出版社,2020.06 |
| 160页:图;26cm.-(中德机械与能源工程人才培养创新教材) |
| ISBN 978-7-5478-4869-2:CNY48.00 |
| 本书共分为4章, 前3章分别介绍热传导方程、波动方程和调和方程等3类典型方程, 第4章介绍一般二阶线性偏微分方程的分类。每个章节遵循工程问题的分析、定解问题的提出、定解问题的求解及分析的思路, 旨在引导学生在学习过程中能够结合本专业的知识, 用数学方程描述工程或者生活中遇见的波动、传热等现象, 并在特定的条件下对方程进行求解和分析。 |
| ● |
| 相关链接 |
|
|
|
正题名:数理方程典型应用案例及理论分析
索取号:O175.24/Y596
 
预约/预借
| 序号 | 登录号 | 条形码 | 馆藏地/架位号 | 状态 | 备注 |
| 1 | 1479821 | 214798218 | 自科库401/401自科库 45排4列2层/ [索取号:O175.24/Y596] | 在馆 | |
| 2 | 1479822 | 214798227 | 自科库401/401自科库 45排4列2层/ [索取号:O175.24/Y596] | 在馆 |